书目信息 |
| 题名: |
聚氯乙烯树脂及其应用
|
|
| 作者: | 谢建玲 , 桂祖桐 , 蔡绪福 编著 | |
| 分册: | ||
| 出版信息: | 北京 化学工业出版社 2007 |
|
| 页数: | 562页 | |
| 开本: | 21cm | |
| 丛书名: | ||
| 单 册: | ||
| 中图分类: | TQ325.3 | |
| 科图分类: | ||
| 主题词: | 聚氯乙烯--树脂--基本知识 , 聚氯乙烯 , 树脂 | |
| 电子资源: | ||
| ISBN: | 978-7-122-01071-1 | |
| 000 | 01063nam0 2200277 450 | |
| 001 | 003652175 | |
| 005 | 20120628152845.75 | |
| 010 | @a978-7-122-01071-1@dCNY40.00 | |
| 100 | @a20070402d2007 em y0chiy0110 ea | |
| 101 | 0 | @achi |
| 102 | @aCN@b110000 | |
| 105 | @ay z 000yy | |
| 106 | @ar | |
| 200 | 1 | @a聚氯乙烯树脂及其应用@9ju lv yi xi shu zhi ji qi ying yong@f谢建玲,桂祖桐,蔡绪福等编著 |
| 210 | @a北京@c化学工业出版社@d2007 | |
| 215 | @a562页@d21cm | |
| 330 | @a本书全面叙述了聚氯乙烯行业的发展历史,聚合技术的进展,结构和性能的表征,配方原理和加工技术原理。并分别论述了聚氯乙烯管材、型材、注塑制品、电线电缆以及薄膜和片材的配混物和制品的国内外应用情况、配方原理、基础配方、成型加工设备和工艺以及所执行的标准规范。 | |
| 606 | 0 | @a聚氯乙烯@x树脂@x基本知识 |
| 606 | 0 | @a聚氯乙烯 |
| 606 | 0 | @a树脂 |
| 690 | @aTQ325.3@v4 | |
| 701 | 0 | @a谢建玲@9xie jian ling@c(女,@f1963~)@4编著 |
| 701 | 0 | @a桂祖桐@9gui zu tong@f(1930~)@4编著 |
| 701 | 0 | @a蔡绪福@9cai xu fu@f(1964~)@4编著 |
| 801 | 0 | @aCN@bNLC@c20071226 |
| 905 | @b541816-20@dTQ325.3@e46@f5 | |
| 聚氯乙烯树脂及其应用/谢建玲,桂祖桐,蔡绪福等编著.-北京:化学工业出版社,2007 |
| 562页;21cm |
| ISBN 978-7-122-01071-1:CNY40.00 |
| 本书全面叙述了聚氯乙烯行业的发展历史,聚合技术的进展,结构和性能的表征,配方原理和加工技术原理。并分别论述了聚氯乙烯管材、型材、注塑制品、电线电缆以及薄膜和片材的配混物和制品的国内外应用情况、配方原理、基础配方、成型加工设备和工艺以及所执行的标准规范。 |
| ● |
| 相关链接 |
|
|
|
|
正题名:聚氯乙烯树脂及其应用
索取号:TQ325.3/46
 
预约/预借
| 序号 | 登录号 | 条形码 | 馆藏地/架位号 | 状态 | 备注 |
| 1 | 541816 | 205418163 | 第二样本阅览室/ [索取号:TQ325.3/46] | 在馆 | |
| 2 | 541817 | 205418172 | 第三借阅区/ [索取号:TQ325.3/46] | 在馆 | |
| 3 | 541818 | 205418181 | 第三借阅区/ [索取号:TQ325.3/46] | 在馆 | |
| 4 | 541819 | 205418190 | 第三借阅区/ [索取号:TQ325.3/46] | 在馆 | |
| 5 | 541820 | 205418207 | 第三借阅区/ [索取号:TQ325.3/46] | 在馆 |